000
00294nam a22001337a 4500
008
170329b xxu||||| |||| 00| 0 eng d
020
_a
9780071455527
041
_a
eng
080
_2
11TH
_a
616-053.2
100
_a
8
101
_a
shm
245
_a
pediatrics
_c
yeatman, r.j
942
_2
udc
_c
BK
999
_c
9002
_d
9002